Artists with the Most Songs in Spotify's Top 100 - Statistics

General Stats
  • This quiz has been taken 43 times
  • The average score is 5 of 13
Answer Stats
# Songs Artist % Correct
3 Drake
77%
6 Bruno Mars
72%
5 The Weeknd
72%
4 Ed Sheeran
51%
3 Kendrick Lamar
44%
4 Justin Bieber
38%
4 Dua Lipa
31%
3 Billie Eilish
21%
3 Post Malone
21%
4 Coldplay
18%
3 Imagine Dragons
15%
3 Shawn Mendes
13%
3 Arctic Monkeys
3%
No matching quizzes found
Score Distribution
Percent of People with Each Score
Percentile by Number Answered
Your Score History
You have not taken this quiz